| 000 | 00589nam a2200193 a 4500 | ||
|---|---|---|---|
| 001 | 000040741 | ||
| 005 | 20240306164224.0 | ||
| 008 | 130905s2010 sp c 000 0 spa d | ||
| 020 | _a97877828976 | ||
| 040 |
_aDO-SdBNP _bspa _cBNPHU |
||
| 082 |
_axxxx _bxxx |
||
| 100 | 1 |
_aVargas Llosa, Mario, _d1936- _912567 |
|
| 245 | 1 | 0 |
_aMartín Chambi. : _b1920-1950 / _cMario Vargas Llosa, Publio López Mondéjar. |
| 250 | _a2a. ed. | ||
| 260 |
_aMadrid, : _bLunwerg, _c2010. |
||
| 300 |
_a119 p. : _bretrs. ; _c29 cm. |
||
| 504 | _aBibliografía p: 119 | ||
| 700 | 1 |
_aLópez Mondéjar, Publio _967148 |
|
| 999 |
_c40231 _d40231 |
||